| 000 | 00880nam a2200241 a 4500 | ||
|---|---|---|---|
| 001 | 71384 | ||
| 003 | BD-RjUL | ||
| 005 | 20211209082116.0 | ||
| 008 | 170502s1962 ii |||| |||| 000 e ben d | ||
| 020 | _c: Tk. 12.00 | ||
| 035 | _a(BD-RjUL)71600 | ||
| 040 |
_aBD-RjUL _bben _cBD-RjUL |
||
| 041 | _aben | ||
| 082 |
_223 _a891.444 _bTAB 1962 |
||
| 100 | 1 |
_aঠাকুর, অবনীন্দ্রনাথ _9121196 |
|
| 245 | 1 | 0 |
_aবাগীশ্বরী শিল্প প্রবন্ধাবলী / _cঅবনীন্দ্রনাথ ঠাকুর |
| 260 |
_aকলকাতা : _bরূপা অ্যাণ্ড কোম্পানী, _c১৯৬২ |
||
| 300 |
_a৩৪৬ পৃ. ; _c২১ সেমি |
||
| 490 | _a | ||
| 650 |
_aবাংলা প্রবন্ধ _9121197 |
||
| 650 |
_aBengali Essays _9121198 |
||
| 942 |
_2ddc _cBK _04 |
||
| 999 |
_c71384 _d71384 |
||